Sudden Death Have These NBA Players Averaged 30 PPG #2 - Statistics

General Stats
  • This quiz has been taken 431 times
  • The average score is 6 of 10
Answers on the Grid
Answers color-coded by a green-red scale on the quiz's grid according to % correct below.
Bob McAdoo
Damian Lillard
Monta Ellis
James Harden
Adrian Dantley
Gilbert Arenas
Vince Carter
Michael Jordan
Peja Stojakovic
Rick Barry
Tim Duncan
Purvis Short
Luka Doncic
Giannis Antetokounmpo
Mark Aguirre
Shai Gilgeous-Alexander
Paul George
Zach LaVine
Demar DeRozan
Nate Archibald
 
Answer Stats
Answer % Correct
James Harden
82%
Michael Jordan
82%
Luka Doncic
77%
Damian Lillard
76%
Shai Gilgeous-Alexander
73%
Giannis Antetokounmpo
70%
Bob McAdoo
38%
Rick Barry
31%
Adrian Dantley
23%
Nate Archibald
17%
No matching quizzes found
Score Distribution
Percent of People with Each Score
Percentile by Number Answered
Your Score History
You have not taken this quiz